Movie Posters Blurred #2 - Statistics

General Stats
  • This quiz has been taken 69 times
  • The average score is 21 of 50
Answer Stats
Picture Answer % Correct
John Wick
92%
Ratatouille
82%
Jumanji: Welcome To The Jungle
80%
The Little Mermaid
80%
Aladdin
78%
Moana
75%
Superman
75%
Captain America: Brave New World
70%
Kong: Skull Island
70%
Snow White
70%
Night At The Museum
68%
Doctor Strange
65%
The Fantastic 4: First Steps
65%
Grown Ups
63%
Madame Web
63%
Pitch Perfect
63%
Penguins Of Madagascar
60%
Venom
57%
Over The Hedge
55%
Snakes On A Plane
55%
50 First Dates
50%
Ocean's 8
48%
Ferdinand
43%
Thunderbolts*
42%
No Time To Die
40%
Elio
38%
X-Men: Apocalypse
38%
Blue Beetle
35%
Fast X
33%
Tenet
30%
Zookeeper
30%
Jurassic World: Rebirth
22%
Oz The Great And Powerful
22%
IT
20%
A Bug's Life
17%
Hansel & Gretel: Witch Hunters
17%
Heads Of State
15%
Evolution
13%
Kraven The Hunter
13%
Lost In Space
13%
What Happens In Vegas
13%
Death At A Funeral
10%
Girls Trip
10%
Cutthroat Island
8%
Inkheart
8%
Legend
8%
Your Highness
8%
Ruby Gillman, Teenage Kraken
7%
The Pagemaster
7%
Flight Risk
3%
No matching quizzes found
Score Distribution
Percent of People with Each Score
Percentile by Number Answered
Your Score History
You have not taken this quiz